000 00173nam a2200073Ia 4500
008 170817s9999 xx 000 0 und d
100 _aTandon.R.K
245 0 _aDictionary Of Botany
260 _bA. P. H. PUB.
999 _c38518
_d38518